| 000 | 01090 a2200469 4500 | ||
|---|---|---|---|
| 000 | BKB | ||
| 001 | 145625 | ||
| 005 | 20200902170957.0 | ||
| 008 | |||
| 010 | _a | ||
| 020 | _a9788132113669 | ||
| 082 |
_a001.42 _bA17R |
||
| 100 | 1 | _aResearch methods for business and social students | |
| 110 | _a | ||
| 245 | 1 |
_aResearch methods for business and social students _cby Adams John, Hafiz T. A Khan and Robert Raeside |
|
| 250 | _a2nd ed. | ||
| 260 |
_aNew Delhi _bSage Publications _c2014 |
||
| 300 | _a290p. | ||
| 490 |
_a _v |
||
| 500 | _a | ||
| 600 | _a | ||
| 610 | _a | ||
| 611 | _a | ||
| 630 | _aSocial Work | ||
| 650 | _a | ||
| 651 | _a | ||
| 654 | _a | ||
| 690 | _aSocial sciences--Methodology; Social sciences--Research | ||
| 700 |
_aAdams, John _b _c |
||
| 700 | _aKhan, Hafiz T. A | ||
| 700 | _aRaeside, Robert | ||
| 710 |
_a _b _c |
||
| 711 | _a | ||
| 720 | _a | ||
| 730 | _a | ||
| 740 | _a | ||
| 752 | _a | ||
| 856 |
_a _d _f |
||
| 904 | _a | ||
| 964 |
_a _bENG _c _d _e _f _g |
||
| 965 | _a | ||
| 999 |
_c23151 _d23151 |
||